000 00712nam a2200289Ia 4500
005 20260324120331.0
008 008 260324s9999 xx 000 0 eng d
020 _a9780429256851
037 _aEBOOK
040 _aCRL
040 _beng
040 _cCRL
041 _2eng
041 _aeng
084 _qCRL
100 _aWilliam H. Baker Jr.; Kenneth Rolfes
_91158157
245 0 _aLean for the Long Term
245 0 _bSustainment is a Myth, Transformation is Reality
260 _bTaylor and Francis
260 _c2015
365 _a
365 _b290
856 _uhttp://www.taylorfrancis.com/books/9780429256851
942 _cEBOOK
999 _c1749631
_d1749631